000 00523nam a2200217Ia 4500
003 OSt
005 20220928141706.0
006 a|||||r|||| 00| 0
007 ta
008 220927b |||||||| |||| 00| 0 eng d
024 _a16847
037 _cTextual
040 _aSDCL
_cSDCL
_beng
041 _2eng
_aeng
082 _aWxN, P0
100 _aWilliams James
_9404173
245 0 _aLyotard and the political
260 _c2000
942 _hWxN, P0
_cTEXL
_2CC
999 _c819179
_d819179